[Event "Tournoi Skype 028B"]
[Site "Skype"]
[Date "????.??.??"]
[Round "6.3"]
[White "Figueiredo, Oneide De Souza"]
[Black "Santos, Cleidilan"]
[Result "0-1"]
[WhiteElo "1372"]
[BlackElo "1000"]
[PlyCount "130"]

1. e4 c6 2. d4 d5 3. e5 c5 4. c3 Bf5 5. f4 cxd4 6. cxd4 h6 7. Nf3 e6 8. Be3
Bb4+ 9. Nc3 Nf6 10. exf6 Qxf6 11. Bf2 O-O 12. Bd3 Bxd3 13. Qxd3 Qxf4 14. O-O
Nd7 15. Bg3 Qg4 16. Ne1 Rfe8 17. a3 Ba5 18. Qb5 Bxc3 19. Rf5 Bxd4+ 20. Rf2
Bxf2+ 21. Bxf2 Nf6 22. h3 Qg6 23. Qe2 a6 24. Nd3 Rac8 25. Ne5 Qf5 26. Nd3 Ne4
27. Rf1 Nxf2 28. Rxf2 Qg6 29. Ne5 Rc1+ 30. Kh2 Qe4 31. Nd3 Qxe2 32. Rxe2 Rf1
33. Nc5 Re7 34. Nb3 e5 35. Nd2 Rf6 36. Nf3 e4 37. Nd4 e3 38. Nf3 Rf4 39. Kg3
Rfe4 40. Ne1 d4 41. Kf3 f5 42. g3 g5 43. b3 h5 44. Nd3 g4+ 45. hxg4 hxg4+ 46.
Kg2 b6 47. b4 Rc7 48. Nf4 Rc3 49. Nd5 Rc6 50. Nf4 Kf7 51. Nd3 Rc3 52. Ne1 Rxa3
53. Nc2 Rd3 54. Ne1 Rd2 55. Kf1 d3 56. Rg2 Rxg2 57. Nxg2 a5 58. b5 a4 59. Ne1
e2+ 60. Kf2 d2 61. Nf3 d1=Q 62. Ng5+ Ke8 63. Nxe4 e1=Q+ 64. Kg2 Qde2+ 65. Nf2
Q2xf2# 0-1

[Event "Tournoi Skype 028B"]
[Site "Skype"]
[Date "????.??.??"]
[Round "6.4"]
[White "Thavorath, Nirandas"]
[Black "Escabias Perez, Miguel"]
[Result "1-0"]
[WhiteElo "1226"]
[BlackElo "1441"]
[PlyCount "51"]

1. e4 c5 2. Nf3 e6 3. Nc3 d5 4. exd5 exd5 5. d4 Nc6 6. Bf4 cxd4 7. Nb5 Qa5+ 8.
Nd2 Bb4 9. Qe2+ Be6 10. Nc7+ Kd7 11. Nxa8 Bd6 12. Bxd6 Kxd6 13. Qf3 Nf6 14.
Qg3+ Ne5 15. Qxg7 Ne4 16. O-O-O Rxa8 17. Nxe4+ dxe4 18. Rxd4+ Ke7 19. a3 Rc8
20. c3 Ng6 21. Rxe4 Qg5+ 22. f4 Qf5 23. Qd4 Rd8 24. Qb4+ Kf6 25. h3 Qd5 26. Rd4
1-0

[Event "Tournoi Skype 028B"]
[Site "Skype"]
[Date "????.??.??"]
[Round "6.5"]
[White "Morales Rubiella, Albert"]
[Black "Rosenkoetter, David"]
[Result "1-0"]
[WhiteElo "1419"]
[BlackElo "1216"]
[PlyCount "105"]

1. d4 d5 2. c4 c6 3. Nc3 Nf6 4. a4 dxc4 5. e4 e6 6. Bxc4 Bb4 7. e5 Ne4 8. Nge2
Qa5 9. Bd2 Nxd2 10. Qxd2 Nd7 11. O-O O-O 12. Qc2 c5 13. Bd3 Kh8 14. Rfd1 cxd4
15. Nxd4 Qxe5 16. Bxh7 Nf6 17. Nf3 Qh5 18. Bd3 Bd7 19. Qb3 Bxc3 20. Qxc3 Bc6
21. Be2 Ng4 22. h3 Bxf3 23. Bxf3 Qg5 24. Bxg4 f5 25. Qe5 Qh6 26. Rd6 fxg4 27.
Rxe6 Qd2 28. Qe2 Qxe2 29. Rxe2 gxh3 30. gxh3 Rf3 31. Kg2 Rf5 32. Re7 Rg5+ 33.
Kh2 Rf8 34. Rf1 Kh7 35. Rxb7 Ra5 36. b3 Rf3 37. Kg2 Rc3 38. Re1 Rg5+ 39. Kf1
Rxh3 40. Ree7 Rc3 41. b4 Rc1+ 42. Ke2 Rb1 43. b5 a6 44. bxa6 Rxb7 45. axb7 Ra5
46. b8=Q Rxa4 47. Qe5 Ra2+ 48. Kf3 Ra3+ 49. Kg2 Kh6 50. Qxg7+ Kh5 51. Re8 Rg3+
52. Qxg3 Kh6 53. Rh8# 1-0

[Event "Tournoi Skype 028B"]
[Site "Skype"]
[Date "????.??.??"]
[Round "6.6"]
[White "Douichi, Mohammed"]
[Black "Junqueira, Leonardo De Faria"]
[Result "0-1"]
[WhiteElo "1203"]
[BlackElo "1408"]
[PlyCount "101"]

1. c4 Nf6 2. Nf3 g6 3. Nc3 Bg7 4. e4 d6 5. e5 dxe5 6. Nxe5 Nbd7 7. Nf3 Nc5 8.
d4 Nce4 9. Nb5 a6 10. Qa4 Bd7 11. Nxc7+ Qxc7 12. Qc2 Nd6 13. Bf4 Nd5 14. Bg3
Nb4 15. Qd1 Qa5 16. Qd2 Nc2+ 17. Kd1 Qxd2+ 18. Kxd2 Nxa1 19. Bd3 Bf5 20. Rxa1
Bxd3 21. Kxd3 O-O 22. c5 Nf5 23. Re1 Nxg3 24. hxg3 e6 25. Rh1 Rfd8 26. Rh4 e5
27. Ng5 Rxd4+ 28. Kc2 Rxh4 29. gxh4 Rc8 30. b4 b6 31. Ne4 bxc5 32. Nxc5 Bf8 33.
Kd3 Bxc5 34. bxc5 Rxc5 35. g4 Ra5 36. Ke4 Ra4+ 37. Kxe5 Rxg4 38. h5 gxh5 39.
Kf5 Rg2 40. f4 h4 41. Ke4 h3 42. Kf3 Rg1 43. a4 h2 44. f5 h1=Q+ 45. Kf4 Qh4+
46. Ke5 Re1+ 47. Kd6 Qd8+ 48. Kc6 Rc1+ 49. Kb7 Qc7+ 50. Kxa6 Rb1 51. a5 0-1

[Event "Tournoi Skype 028B"]
[Site "Skype"]
[Date "????.??.??"]
[Round "6.7"]
[White "De Coninck, Philippe"]
[Black "Castillo, David"]
[Result "0-1"]
[WhiteElo "1173"]
[BlackElo "1381"]
[PlyCount "129"]

1. d4 f5 2. c4 Nf6 3. Nf3 d6 4. Nc3 a6 5. Bg5 Nbd7 6. e3 g6 7. Bd3 Bg7 8. O-O
e5 9. dxe5 Nxe5 10. Nxe5 dxe5 11. Bxf6 Qxf6 12. Nd5 Qd6 13. e4 f4 14. Rc1 O-O
15. c5 Qd8 16. Bc4 Kh8 17. f3 Bd7 18. Qb3 Rb8 19. a3 c6 20. Nb6 Be8 21. Rcd1
Qc7 22. Rd6 Bf6 23. Na4 Be7 24. Rd3 Kg7 25. Rfd1 Rd8 26. Qb6 Qxb6 27. cxb6 Rxd3
28. Rxd3 Rf6 29. b4 Rd6 30. Rxd6 Bxd6 31. Be6 Kf6 32. Bc8 c5 33. Nxc5 Bxc5+ 34.
bxc5 Bc6 35. g3 g5 36. Kg2 a5 37. Bf5 h6 38. Kh3 h5 39. gxf4 exf4 40. Kg2 Ke5
41. Bg6 h4 42. Kh3 Bb5 43. Kg4 Kf6 44. Bf5 Be8 45. e5+ Kxe5 46. Kxg5 Bc6 47.
Bg4 Kd5 48. Kxf4 Kxc5 49. Bf5 Kxb6 50. Bd3 Kc5 51. Be4 a4 52. Bxc6 Kxc6 53. Ke5
b5 54. f4 b4 55. axb4 a3 56. f5 a2 57. f6 a1=Q+ 58. Ke6 Qe1+ 59. Kf5 Qxb4 60.
f7 Qe7 61. Kg6 Qf8 62. Kf6 Kd6 63. Kg5 Qxf7 64. Kxh4 Ke5 65. Kg4 0-1

[Event "Tournoi Skype 028B"]
[Site "Skype"]
[Date "????.??.??"]
[Round "6.8"]
[White "Jimenez, Eduardo"]
[Black "Scata, Laura"]
[Result "0-1"]
[WhiteElo "1000"]
[BlackElo "1366"]
[PlyCount "54"]

1. e4 c6 2. Nc3 d5 3. d4 dxe4 4. Nxe4 Bf5 5. Ng3 Bg6 6. Bc4 e6 7. N1e2 Nf6 8.
O-O Bd6 9. f4 O-O 10. Bd3 Bxd3 11. Qxd3 Qc7 12. Nc3 Nbd7 13. a4 Nd5 14. Nxd5
cxd5 15. Bd2 Rac8 16. c3 Qc4 17. Qxc4 Rxc4 18. a5 a6 19. b3 Rc7 20. Rfe1 Nf6
21. Kf2 h5 22. h4 Ng4+ 23. Kf3 g6 24. Nh1 Be7 25. g3 Rfc8 26. Rf1 Nh2+ 27. Kg2
Nxf1 0-1

[Event "Tournoi Skype 028B"]
[Site "Skype"]
[Date "????.??.??"]
[Round "6.9"]
[White "Contreras, Leidy Tatiana"]
[Black "Garganese, Paolo"]
[Result "1-0"]
[WhiteElo "1355"]
[BlackElo "1000"]
[PlyCount "75"]

1. e4 c5 2. Nf3 d6 3. d4 cxd4 4. Nxd4 Nf6 5. Nc3 a6 6. Bc4 e6 7. O-O Be7 8. Bb3
O-O 9. Re1 Nc6 10. Nf3 Qc7 11. Bf4 Nh5 12. Ne2 Na5 13. Rc1 Bd7 14. e5 Nxf4 15.
Nxf4 d5 16. a4 Bb4 17. c3 Nxb3 18. Qxb3 Bc5 19. c4 d4 20. Qc2 Qa5 21. Ng5 g6
22. Nh5 Rfd8 23. Nf6+ Kg7 24. Ngxh7 Bc6 25. b3 Qc3 26. Qb1 Qd2 27. Rc2 Qf4 28.
Qd1 d3 29. Rd2 Qf5 30. h4 Rd4 31. h5 Rh4 32. hxg6 Qxg6 33. Ne4 Bxe4 34. Rxe4
Rxe4 35. Rxd3 Kxh7 36. Rh3+ Kg7 37. Qf3 Rg4 38. Kh2 1-0

[Event "Tournoi Skype 028B"]
[Site "Skype"]
[Date "????.??.??"]
[Round "6.10"]
[White "Urda, Carlos Mario"]
[Black "Amato, Ludovica"]
[Result "0-1"]
[WhiteElo "1000"]
[BlackElo "1346"]
[PlyCount "122"]

1. d4 d5 2. Bf4 c5 3. c3 Nf6 4. e3 Qb6 5. Qb3 c4 6. Qxb6 axb6 7. Be2 Nc6 8. Nd2
Bf5 9. Ngf3 h6 10. h3 e6 11. O-O Be7 12. Rfe1 O-O 13. Nh4 Bh7 14. e4 g5 15.
exd5 exd5 16. Bg3 gxh4 17. Bxh4 Rfe8 18. Bf3 Red8 19. Nf1 Bf5 20. a3 Ra5 21.
Ne3 Be6 22. Re2 b5 23. Rae1 Ne4 24. Bxe7 Nxe7 25. g4 Ng5 26. Kg2 Ng6 27. Kg3
Nxf3 28. Kxf3 Ne7 29. Ng2 Ra6 30. Nf4 Rf8 31. Kg3 Nc8 32. Re5 Bd7 33. Nxd5 Re6
34. f4 Rxe5 35. fxe5 Kg7 36. Nf6 Nb6 37. d5 Rd8 38. d6 Be6 39. Ne4 Nd7 40. Nd2
f6 41. exf6+ Kxf6 42. Nf3 Nc5 43. Nd4 Rxd6 44. Rf1+ Ke7 45. Nxb5 Rb6 46. Nd4
Rxb2 47. Nf5+ Bxf5 48. Rxf5 Ne6 49. a4 Ra2 50. a5 Ra3 51. Rb5 Rxc3+ 52. Kg2 Rb3
53. Re5 Rb2+ 54. Kf3 c3 55. Ke3 c2 56. Kd2 Kd6 57. Re4 Kd5 58. Re1 Nd4 59. Kc3
Rb1 60. Re7 c1=Q+ 61. Kd3 Rb3# 0-1

[Event "Tournoi Skype 028B"]
[Site "Skype"]
[Date "????.??.??"]
[Round "6.11"]
[White "Frances, Carlos Alberto"]
[Black "Rodriguez, Omar Alexander"]
[Result "1-0"]
[WhiteElo "1324"]
[BlackElo "1000"]
[PlyCount "75"]

1. d4 d5 2. c4 c6 3. e3 Nf6 4. Nc3 e6 5. Nf3 Nbd7 6. Bd3 dxc4 7. Bxc4 b5 8. Bd3
a6 9. O-O Be7 10. Qe2 O-O 11. a3 Bb7 12. b4 a5 13. Bb2 axb4 14. axb4 Bxb4 15.
Rxa8 Qxa8 16. Ra1 Qb8 17. Qc2 Bd6 18. Ne4 Rd8 19. Nxd6 Qxd6 20. Ra7 Qb8 21. Ra5
Nb6 22. h3 Nbd5 23. Ne5 Nb4 24. Qc3 Nxd3 25. Qxd3 Nd5 26. Ba3 b4 27. Bb2 f6 28.
Nc4 Qc7 29. e4 Nf4 30. Qd2 Bc8 31. Qxb4 Ne2+ 32. Kf1 Nxd4 33. Ne3 Qh2 34. Bxd4
e5 35. Qe7 Qh1+ 36. Ke2 Rf8 37. Bc5 h6 38. Qxf8+ 1-0

[Event "Tournoi Skype 028B"]
[Site "Skype"]
[Date "????.??.??"]
[Round "6.13"]
[White "Rodriguez, Nathalie"]
[Black "Bucherie, Volcy"]
[Result "1-0"]
[WhiteElo "1266"]
[BlackElo "1336"]
[PlyCount "95"]

1. d4 Nf6 2. Bf4 d5 3. e3 Ne4 4. Nc3 Nxc3 5. bxc3 Bf5 6. Nf3 Be4 7. Be2 e6 8.
Bg3 c5 9. Rb1 b6 10. dxc5 Bxc5 11. Bb5+ Nd7 12. Ne5 O-O 13. Nxd7 Bxg2 14. Rg1
a6 15. Bc6 Rc8 16. Nxf8 Rxc6 17. Rxg2 Qxf8 18. Qd3 b5 19. Bf4 b4 20. cxb4 Bxb4+
21. c3 Bxc3+ 22. Ke2 Qa3 23. Rb8+ Qf8 24. Rxf8+ Kxf8 25. Qxh7 Rb6 26. Qxg7+
Bxg7 27. Kf3 a5 28. Bc7 Rb2 29. Bxa5 Rxa2 30. Bb4+ Kg8 31. Bc3 f6 32. Bxf6 Kf7
33. Bxg7 Ke7 34. Bd4 Kd6 35. Rg5 Ra8 36. Be5+ Kc5 37. Bd4+ Kc4 38. h4 Rf8+ 39.
Kg3 Kd3 40. h5 Ke2 41. h6 Rxf2 42. h7 Rf3+ 43. Kg4 e5 44. Bxe5 Rxe3 45. h8=Q
Re4+ 46. Kf5 Kf3 47. Qh2 d4 48. Rg3# 1-0

[Event "Tournoi Skype 028B"]
[Site "Skype"]
[Date "????.??.??"]
[Round "6.15"]
[White "Telles, Rigoberto"]
[Black "Busto, Ricardo"]
[Result "1-0"]
[WhiteElo "1307"]
[BlackElo "1210"]
[PlyCount "35"]

1. e4 c5 2. Nf3 e6 3. Bc4 a6 4. c3 Nc6 5. O-O Nf6 6. e5 Nd5 7. d4 cxd4 8. cxd4
Nb6 9. Bb3 d5 10. a3 Be7 11. Nc3 O-O 12. Bf4 Na4 13. Nxa4 b5 14. Nc3 Rb8 15.
Rc1 b4 16. Ne2 bxa3 17. bxa3 Bxa3 18. Rxc6 1-0

[Event "Tournoi Skype 028B"]
[Site "Skype"]
[Date "????.??.??"]
[Round "6.16"]
[White "Duthoit, Bernard"]
[Black "Bonilla, Cesar"]
[Result "0-1"]
[WhiteElo "1379"]
[BlackElo "1172"]
[PlyCount "68"]

1. e4 c5 2. Nf3 Nc6 3. c3 g6 4. d4 cxd4 5. cxd4 Bg7 6. e5 e6 7. Be3 Nge7 8. Qd2
O-O 9. Bh6 Nf5 10. Bxg7 Kxg7 11. Bb5 d6 12. Bxc6 bxc6 13. O-O f6 14. Re1 fxe5
15. dxe5 Qb6 16. exd6 Rd8 17. Qc2 Rxd6 18. Nc3 Nd4 19. Nxd4 Rxd4 20. Rad1 Ba6
21. Rxd4 Qxd4 22. Rxe6 Qc4 23. Qc1 Qxe6 24. h3 Re8 25. Na4 Qe1+ 26. Qxe1 Rxe1+
27. Kh2 Re4 28. Nc5 Re2 29. Nxa6 Rxb2 30. a4 Rxf2 31. Nc5 Rf5 32. Ne6+ Kf6 33.
Nd4 c5 34. Nxf5 Kxf5 0-1

[Event "Tournoi Skype 028B"]
[Site "Skype"]
[Date "????.??.??"]
[Round "6.17"]
[White "Lopes, Marcia Maria"]
[Black "Mendoza Lainez, Ricardo Jose"]
[Result "1-0"]
[WhiteElo "1363"]
[BlackElo "1137"]
[PlyCount "61"]

1. d4 Nf6 2. Bf4 d6 3. e3 Bg4 4. Nf3 a6 5. Nbd2 Nc6 6. h3 Bf5 7. c3 e6 8. Be2
Be7 9. Bh2 d5 10. O-O Qd7 11. Ne5 Nxe5 12. dxe5 Ng8 13. Nf3 g5 14. Nd4 Nh6 15.
Rc1 g4 16. Nxf5 exf5 17. hxg4 fxg4 18. Bf4 Qe6 19. Bxh6 Qxh6 20. Bxg4 Rg8 21.
Qf3 f6 22. exf6 Qxf6 23. Bh5+ Kd8 24. Qxd5+ Bd6 25. Qxg8+ Bf8 26. Rcd1+ Ke7 27.
Qxh7+ Bg7 28. Qe4+ Qe5 29. Qb4+ Kf6 30. Qf4+ Ke7 31. Qf7# 1-0

[Event "Tournoi Skype 028B"]
[Site "Skype"]
[Date "????.??.??"]
[Round "6.18"]
[White "Conde, Ramon"]
[Black "Raudales, Victor"]
[Result "0-1"]
[WhiteElo "1113"]
[BlackElo "1340"]
[PlyCount "56"]

1. e4 e5 2. Nf3 d6 3. d4 Bg4 4. Bc4 Bxf3 5. Qxf3 Nf6 6. dxe5 dxe5 7. O-O Be7 8.
Rd1 Qc8 9. Nc3 O-O 10. h3 Nc6 11. Be3 Nd4 12. Bxd4 exd4 13. e5 dxc3 14. exf6
Bxf6 15. bxc3 c6 16. Rab1 a6 17. Rd3 Rd8 18. Qh5 g6 19. Qf3 Bg7 20. Qxf7+ Kh8
21. Rxd8+ Qxd8 22. Rxb7 Qf8 23. Qc7 Rc8 24. Qg3 Re8 25. Rf7 Re1+ 26. Bf1 Qxf7
27. Qb8+ Bf8 28. Qa7 Qxa7 0-1

[Event "Tournoi Skype 028B"]
[Site "Skype"]
[Date "????.??.??"]
[Round "6.19"]
[White "Clayton, Estelita"]
[Black "Sanchez Padilla, Armando Edilber"]
[Result "0-1"]
[WhiteElo "1072"]
[BlackElo "1323"]
[PlyCount "88"]

1. e4 e5 2. d4 exd4 3. Qxd4 Nc6 4. Qd5 Nf6 5. Bg5 Be7 6. Bxf6 Bxf6 7. c3 Qe7 8.
Bc4 Ne5 9. Nd2 c6 10. Qa5 Nxc4 11. Nxc4 Qxe4+ 12. Ne2 Qxc4 13. Qb4 Qxb4 14.
cxb4 Bxb2 15. Rb1 Be5 16. O-O O-O 17. b5 cxb5 18. Rxb5 Re8 19. f4 Bc7 20. Ng3
d6 21. h3 Bd7 22. Rxb7 Bb6+ 23. Kh1 Bc6 24. Rxb6 axb6 25. Rf2 g6 26. Kh2 f5 27.
Nh1 h5 28. h4 Re3 29. Rb2 Raa3 30. Nf2 Rg3 31. Nh1 Rg4 32. Rc2 Rxh4+ 33. Kg1
Bd5 34. Rd2 Bxa2 35. Rxd6 Re3 36. Rxg6+ Kf7 37. Rg3 Re1+ 38. Kf2 Rhxh1 39. Rh3
Rhf1+ 40. Kg3 Re3+ 41. Kh2 Ree1 42. Kg3 Bd5 43. Rxh5 Kg6 44. Rh2 Re3+ 0-1

[Event "Tournoi Skype 028B"]
[Site "Skype"]
[Date "????.??.??"]
[Round "6.20"]
[White "Luunge, Abdi"]
[Black "Hernandez Lopez, Joaquin"]
[Result "1-0"]
[WhiteElo "1320"]
[BlackElo "1106"]
[PlyCount "59"]

1. e4 c5 2. c4 Nc6 3. Nf3 d6 4. Be2 Nf6 5. Nc3 e6 6. a3 a5 7. O-O Be7 8. d3 O-O
9. Qc2 Nd4 10. Nxd4 cxd4 11. Nb5 Bd7 12. Nxd4 e5 13. Nf3 Rc8 14. d4 Ng4 15. h3
Nf6 16. d5 Ne8 17. a4 Nc7 18. Qb3 Rb8 19. Be3 Na6 20. Bb6 Nc5 21. Bxc5 dxc5 22.
Nxe5 Bd6 23. Nf3 Re8 24. Bd3 Qc8 25. Qc2 Bxh3 26. Nh2 Bxh2+ 27. Kxh2 Qg4 28.
gxh3 Qf4+ 29. Kg2 Qg4+ 30. hxg4 1-0

[Event "Tournoi Skype 028B"]
[Site "Skype"]
[Date "????.??.??"]
[Round "6.21"]
[White "Mhabdi, Mahesh"]
[Black "Barba Cepeda, Julio Cesar"]
[Result "1-0"]
[WhiteElo "1312"]
[BlackElo "1087"]
[PlyCount "89"]

1. e4 e5 2. Nf3 Nc6 3. Bb5 d6 4. d4 Be7 5. dxe5 dxe5 6. Qxd8+ Bxd8 7. Nxe5 Bd7
8. Nxd7 Kxd7 9. O-O a6 10. Ba4 b5 11. Bb3 Ne5 12. Rd1+ Kc8 13. Bf4 f6 14. Be6+
Kb8 15. Rxd8+ Ka7 16. Be3+ Kb7 17. Rxa8 Kxa8 18. Nc3 Ne7 19. Nd5 Nxd5 20. exd5
Re8 21. h3 Nc4 22. b3 Nxe3 23. fxe3 c6 24. e4 cxd5 25. exd5 Ka7 26. Rd1 Re7 27.
Bf5 g6 28. d6 Re8 29. d7 Rd8 30. Be6 Kb6 31. c4 bxc4 32. bxc4 Kc5 33. Kf2 f5
34. Kf3 h6 35. Kf4 Kc6 36. Ke5 a5 37. Kf6 f4 38. Ke7 Kc7 39. c5 g5 40. c6 h5
41. Rd5 g4 42. Rxh5 g3 43. Rf5 Kxc6 44. Kxd8 Kd6 45. Bf7 1-0

[Event "Tournoi Skype 028B"]
[Site "Skype"]
[Date "????.??.??"]
[Round "6.22"]
[White "Yepes Bermudez, Maribel"]
[Black "Abdulrazzaq, Mohsen"]
[Result "0-1"]
[WhiteElo "1287"]
[BlackElo "1080"]
[PlyCount "94"]

1. e4 e5 2. Nf3 Nc6 3. Bb5 d6 4. c3 Nf6 5. Qe2 Be7 6. O-O O-O 7. Rd1 a6 8. Ba4
b5 9. Bb3 d5 10. d3 Bb7 11. Nbd2 Bd6 12. exd5 Na5 13. Nf1 Nxb3 14. axb3 Bxd5
15. c4 bxc4 16. bxc4 e4 17. cxd5 exf3 18. Qxf3 Nxd5 19. Ra5 c5 20. Ra4 Nb4 21.
Kh1 Re8 22. Ng3 Nc2 23. Ne4 Bc7 24. Bg5 f6 25. Bh4 Nd4 26. Qh3 g5 27. Bg3 Bxg3
28. Qxg3 Ne2 29. Qg4 Nf4 30. Nxc5 Qd5 31. Rxf4 Qxc5 32. Rxf6 Qe7 33. Qxg5+ Qg7
34. Qd5+ Kh8 35. Rf7 Rad8 36. Qf5 Qg6 37. g3 Qxf5 38. Rxf5 Rf8 39. Ra5 Rxf2 40.
Rxa6 Rxb2 41. d4 Re8 42. d5 Ree2 43. Ra8+ Kg7 44. Ra7+ Kf6 45. Rf1+ Kg6 46.
Rff7 Rb1+ 47. Rf1 Rxf1# 0-1

[Event "Tournoi Skype 028B"]
[Site "Skype"]
[Date "????.??.??"]
[Round "6.23"]
[White "Le Bouill, Pierre"]
[Black "Gerbaux, Regis"]
[Result "0-1"]
[WhiteElo "1252"]
[BlackElo "1073"]
[PlyCount "32"]

1. b3 e5 2. e4 d6 3. h3 Nf6 4. d3 h6 5. Nf3 Be7 6. Be2 O-O 7. O-O Nbd7 8. Nbd2
b6 9. Bb2 Bb7 10. c4 Rc8 11. Rc1 Nxe4 12. dxe4 c5 13. Nh2 Qc7 14. Bd3 Qc6 15.
Qe2 f5 16. exf5 Qxg2# 0-1

[Event "Tournoi Skype 028B"]
[Site "Skype"]
[Date "????.??.??"]
[Round "6.25"]
[White "Quispe, Alberto"]
[Black "Moumtaz, Abderrahim"]
[Result "1-0"]
[WhiteElo "1000"]
[BlackElo "1226"]
[PlyCount "77"]

1. d4 Nf6 2. Bf4 d5 3. h3 Bf5 4. e3 e6 5. Bd3 Bxd3 6. Qxd3 Bd6 7. Ne2 Ne4 8. a3
Nd7 9. Nbc3 c6 10. Nxe4 dxe4 11. Qxe4 Nf6 12. Qd3 O-O 13. Bxd6 Qxd6 14. O-O Qd5
15. Nc3 Qd6 16. Rad1 c5 17. Ne4 Nxe4 18. Qxe4 Qd5 19. Qxd5 exd5 20. dxc5 Rfd8
21. Rd4 Rac8 22. b4 b6 23. cxb6 axb6 24. Rfd1 Rxc2 25. Rxd5 Rxd5 26. Rxd5 f6
27. Rb5 Rc6 28. a4 Kf7 29. g4 Ke7 30. Rf5 Ke6 31. a5 bxa5 32. Rxa5 Kd6 33. b5
Rb6 34. Ra7 g5 35. Rxh7 Rxb5 36. h4 gxh4 37. Rxh4 Rg5 38. f3 Ke5 39. f4+ 1-0

[Event "Tournoi Skype 028B"]
[Site "Skype"]
[Date "????.??.??"]
[Round "6.26"]
[White "Felippe E Silva, Glenda"]
[Black "Gomez Zuluaga, Jorge Adiel"]
[Result "1-0"]
[WhiteElo "1207"]
[BlackElo "1000"]
[PlyCount "89"]

1. d4 d5 2. Nf3 g6 3. Bf4 Bg7 4. e3 Nf6 5. h3 O-O 6. Bd3 c6 7. O-O Be6 8. Nbd2
Qc8 9. Rc1 b5 10. b3 Kh8 11. c4 a6 12. cxd5 Bxh3 13. gxh3 Qxh3 14. Ne5 cxd5 15.
Rc7 Nh5 16. Bh2 f6 17. Qf3 Qe6 18. Ng4 Nd7 19. Rfc1 f5 20. Ne5 Nxe5 21. Bxe5
Bxe5 22. dxe5 Qxe5 23. Kf1 e6 24. Be2 Qb2 25. R7c2 Qe5 26. Qg2 Rg8 27. Bxh5
gxh5 28. Qh3 Rg5 29. Nf3 Qg7 30. Rc8+ Rxc8 31. Rxc8+ Qg8 32. Rxg8+ Rxg8 33.
Qxh5 Rg7 34. Qe8+ Rg8 35. Qxe6 a5 36. Qxd5 a4 37. b4 Rc8 38. Qxf5 Rc1+ 39. Kg2
Ra1 40. Qc2 h5 41. Ng5 Kg7 42. Qh7+ Kf6 43. f4 Rxa2+ 44. Kf3 Rh2 45. Qf7# 1-0

[Event "Tournoi Skype 028B"]
[Site "Skype"]
[Date "????.??.??"]
[Round "6.27"]
[White "Milanese, Serge"]
[Black "Parrales, Rodolfo"]
[Result "1-0"]
[WhiteElo "1202"]
[BlackElo "1000"]
[PlyCount "44"]

1. d4 d5 2. Bf4 e6 3. e3 Bd6 4. Bg3 Nc6 5. Nf3 Nf6 6. Nbd2 O-O 7. Bd3 Bd7 8. c3
Re8 9. Ne5 Nxe5 10. dxe5 Bxe5 11. Bxe5 Bc6 12. f4 d4 13. exd4 Bxg2 14. Rg1 Qd5
15. Bxf6 gxf6 16. Be4 Qd6 17. Qg4+ Kf8 18. Qxg2 Qxf4 19. O-O-O Rac8 20. Rdf1
Qd6 21. Qg7+ Ke7 22. Qxf6+ Kd7 1-0

[Event "Tournoi Skype 028B"]
[Site "Skype"]
[Date "????.??.??"]
[Round "6.28"]
[White "Suazo, Olvin"]
[Black "Alarcon Alarcon, Marina"]
[Result "1-0"]
[WhiteElo "1000"]
[BlackElo "1198"]
[PlyCount "119"]

1. e4 e5 2. Nf3 Nc6 3. Bb5 Nf6 4. O-O Be7 5. Re1 O-O 6. Bxc6 dxc6 7. Nxe5 Be6
8. h3 Bd6 9. Nf3 Bf4 10. d4 Bxc1 11. Qxc1 h6 12. e5 Nh7 13. Nbd2 Ng5 14. Nxg5
Qxg5 15. Ne4 Qg6 16. Re3 Rad8 17. Rg3 Qxe4 18. Qxh6 Qh7 19. Qh4 Kh8 20. Qf4 Qf5
21. Qd2 c5 22. c3 Bd5 23. Rg4 Qe6 24. Qg5 Qg6 25. Qe3 cxd4 26. cxd4 Qf5 27.
Rh4+ Kg8 28. Rg4 Qh7 29. b3 Be6 30. Rf4 Bd5 31. Kh2 Rd6 32. exd6 cxd6 33. Qe7
Qh6 34. Rf5 Qe6 35. Qg5 f6 36. Qh5 Qf7 37. Qxf7+ Bxf7 38. Rc1 Be6 39. Rf3 Bd5
40. Rfc3 Bc6 41. Re1 d5 42. Re7 Rf7 43. Ree3 a6 44. a4 Kf8 45. Kg3 Re7 46. Kf4
Kf7 47. b4 Re4+ 48. Rxe4 dxe4 49. Rxc6 bxc6 50. Kxe4 Ke6 51. g4 g6 52. h4 f5+
53. gxf5+ gxf5+ 54. Ke3 Kf6 55. Kf4 Ke6 56. h5 Kf6 57. h6 Kg6 58. h7 Kxh7 59.
Kxf5 Kg7 60. Ke6 1-0

[Event "Tournoi Skype 028B"]
[Site "Skype"]
[Date "????.??.??"]
[Round "6.29"]
[White "Vaquero, Roberto"]
[Black "Maalik, Aakash"]
[Result "0-1"]
[WhiteElo "1000"]
[BlackElo "1178"]
[PlyCount "108"]

1. e4 e6 2. Nf3 d5 3. e5 c5 4. Bb5+ Bd7 5. Bxd7+ Nxd7 6. c3 Ne7 7. d4 Nc6 8.
Be3 cxd4 9. cxd4 Qb6 10. Qb3 Bb4+ 11. Nbd2 O-O 12. O-O Qc7 13. Rac1 Be7 14. Qd3
Rac8 15. h4 f6 16. Bf4 Qd8 17. g3 f5 18. Ng5 Bxg5 19. hxg5 Qe8 20. Nf3 Qh5 21.
Kg2 Qf7 22. Rh1 g6 23. Rh6 Qe7 24. Rch1 Rf7 25. Nh4 Nf8 26. a3 Rg7 27. Nf3 Nd8
28. Bd2 Nf7 29. Bb4 Qe8 30. R6h3 Qd8 31. Nd2 Nxg5 32. R3h2 a5 33. Bxf8 Qxf8 34.
f4 Ne4 35. Nf3 Rgc7 36. Ng5 Nxg5 37. fxg5 Rc2+ 38. Kf3 Rxh2 39. Rxh2 Qe7 40.
Kf4 Qc7 41. Re2 Qc1+ 42. Rd2 Qh1 43. Re2 Qf1+ 44. Qf3 Qc1+ 45. Qe3 Qf1+ 46. Rf2
Qd1 47. Rf3 Rc2 48. b4 Rc4 49. g4 Rxd4+ 50. Kg3 Rxg4+ 51. Kh2 Rh4+ 52. Rh3 Qc2+
53. Kg3 Rg4+ 54. Kf3 Qg2# 0-1

[Event "Tournoi Skype 028B"]
[Site "Skype"]
[Date "????.??.??"]
[Round "6.30"]
[White "Linares Vernet, Ana"]
[Black "Yepez, German"]
[Result "1-0"]
[WhiteElo "1175"]
[BlackElo "1000"]
[PlyCount "125"]

1. d4 d5 2. Bf4 Nf6 3. Nf3 Bf5 4. e3 e6 5. Bd3 Bxd3 6. Qxd3 Nh5 7. Bg3 Nxg3 8.
hxg3 c6 9. Nbd2 g6 10. c3 Nd7 11. e4 dxe4 12. Nxe4 Nf6 13. O-O-O Nxe4 14. Qxe4
Qd5 15. Qxd5 cxd5 16. Nd2 b5 17. Nb3 a5 18. Na1 h5 19. Rh3 Bd6 20. Rd3 Ke7 21.
f4 Rac8 22. Kb1 b4 23. cxb4 Bxb4 24. Nc2 Bd6 25. Rb3 a4 26. Rb7+ Rc7 27. Rxc7+
Bxc7 28. Nb4 Bb6 29. Nc6+ Kd7 30. Ne5+ Ke8 31. Nf3 Ke7 32. g4 hxg4 33. Rxh8
gxf3 34. gxf3 Bxd4 35. Ra8 Bb6 36. Rxa4 Be3 37. Kc2 f5 38. Kd3 Bc1 39. b3 Kf6
40. b4 Bxf4 41. b5 Bc7 42. Ra7 Bb6 43. Rb7 Ba5 44. a4 g5 45. Ra7 Bb6 46. Ra6
Bc5 47. b6 Bd6 48. b7 Be5 49. Ra8 g4 50. fxg4 fxg4 51. b8=Q Bxb8 52. Rxb8 e5
53. Rb6+ Kf5 54. a5 d4 55. Rb5 Kf4 56. a6 g3 57. Rb1 Kg4 58. a7 g2 59. a8=Q e4+
60. Qxe4+ Kh3 61. Rg1 Kg3 62. Qxg2+ Kf4 63. Qe4# 1-0

[Event "Tournoi Skype 028B"]
[Site "Skype"]
[Date "????.??.??"]
[Round "6.31"]
[White "Munoz Gonzalez, Martin"]
[Black "Cengiz, Ali Ekber"]
[Result "0-1"]
[WhiteElo "1406"]
[BlackElo "1098"]
[PlyCount "96"]

1. Nh3 e5 2. g3 d5 3. d4 e4 4. Nf4 c6 5. e3 Nf6 6. Nc3 Bb4 7. Bd2 Ba5 8. Nce2
Bc7 9. Bb4 a5 10. Bd2 Bd7 11. c3 Qc8 12. Qb3 a4 13. Qc2 b5 14. h4 Bg4 15. Ng2
Bf3 16. Nef4 Qf5 17. Be2 Bxf4 18. Bxf3 Bxg3 19. Nf4 Bxf4 20. exf4 Nbd7 21.
O-O-O Nb6 22. Rdg1 g6 23. Rg5 Qe6 24. Be2 e3 25. Re5 exd2+ 26. Qxd2 Nc4 27.
Bxc4 bxc4 28. Rxe6+ fxe6 29. Qe2 Ne4 30. f3 a3 31. fxe4 Kf7 32. e5 Rhb8 33.
bxa3 Rxa3 34. Rh2 Rxc3+ 35. Kd1 Rb1+ 36. Kd2 Rbc1 37. Qg4 R1c2+ 38. Kd1 Rxh2
39. Qg5 Rh1+ 40. Kd2 Rd3+ 41. Ke2 Rh2+ 42. Ke1 Rh1+ 43. Ke2 Rh2+ 44. Ke1 Re3+
45. Kf1 Ke8 46. Qg1 Rhe2 47. h5 Re1+ 48. Kf2 R3e2+ 0-1

[Event "Tournoi Skype 028B"]
[Site "Skype"]
[Date "????.??.??"]
[Round "6.32"]
[White "Vincent, Andre"]
[Black "Homme, Jim"]
[Result "1-0"]
[WhiteElo "1377"]
[BlackElo "1066"]
[PlyCount "49"]

1. d4 d5 2. Bf4 Nc6 3. Nf3 Nf6 4. e3 e6 5. c3 Bd6 6. Ne5 Nxe5 7. dxe5 Ne4 8.
exd6 cxd6 9. Bb5+ Bd7 10. Qa4 Nc5 11. Bxd7+ Qxd7 12. Qxd7+ Kxd7 13. Ke2 e5 14.
Bg3 Rhe8 15. Nd2 f5 16. f4 exf4 17. Bxf4 Ne6 18. Rhf1 d4 19. Nb3 dxe3 20. Rad1
d5 21. Rxd5+ Ke7 22. Re5 Rad8 23. Bg5+ Kd7 24. Bxd8 Nxd8 25. Rd1+ 1-0

[Event "Tournoi Skype 028B"]
[Site "Skype"]
[Date "????.??.??"]
[Round "6.33"]
[White "De Nobrega, George"]
[Black "Campos Silva, Lucas"]
[Result "1-0"]
[WhiteElo "1295"]
[BlackElo "1000"]
[PlyCount "47"]

1. e4 e5 2. Nf3 d6 3. Bc4 Bd7 4. Nc3 Nf6 5. Ng5 h6 6. Nxf7 Qe7 7. Nxh8 Nc6 8.
Ng6 Qd8 9. Nxf8 Nd4 10. Ng6 a6 11. a3 b5 12. Ba2 c5 13. d3 Qb6 14. Be3 Bg4 15.
f3 Bh5 16. O-O Bxg6 17. Bxd4 cxd4 18. Ne2 Nh5 19. Kh1 Qd8 20. f4 exf4 21. Nxf4
Nxf4 22. Rxf4 Ra7 23. Qf3 Rf7 24. Bxf7+ 1-0